000 01817nam a2200553 i 4500
001 24940
003 KOSZ 005
005 20240405063036.0
008 980713s1996 pl f f |000 0 pol
015 _aUWD 1997/3721
020 _a838503157X
035 _a991004762339705066
035 _a(PL-WaBN)b11255407-48omnis_nlop
035 _ab11255407
035 _a(OCoLC)830126597
035 _a(PL)b0000001125540
035 _a(EXLNZ-48OMNIS_NETWORK)9910332630505606
040 _aWA N
_cWA N
_dKOSZ 005/HR
046 _k1996
080 _a339.9"1945/,,,"
080 _a336"1945/..."
080 _a330.342.172
080 _a(075.8)
100 1 _aGrzeszczyk, Tadeusz
_eAutor
245 1 0 _aMiędzynarodowe mechanizmy konkurencji /
_cTadeusz Grzeszczyk ; Politechnika Częstochowska.
260 _aCzęstochowa :
_bWydawnictwo PC,
_c1996.
300 _a234, [1] s. ;
_c24 cm.
336 _aTekst
_btxt
_2rdacontent
337 _aBez urządzenia pośredniczącego
_bn
_2rdamedia
338 _aWolumin
_bnc
_2rdacarrier
380 _aKsiążki
388 _a1901-2000
388 _a1989-2000
504 _aWykaz aktów prawnych s. 231-232.
648 7 _a1901-2000
648 7 _a1945-1989
648 7 _a1989-2000
650 7 _aDoradztwo gospodarcze
_2DBN
650 7 _aFinanse
_2DBN
650 7 _aKonkurencja
_2DBN
650 7 _aPrzetarg publiczny
_2DBN
650 7 _aZamówienia publiczne
_2DBN
655 7 _aPodręczniki akademickie
_2DBN
658 _aGospodarka, ekonomia, finanse
710 2 _aWydawnictwo Politechniki Częstochowskiej
_4pbl
856 _uhttp://koha.tu.koszalin.pl/cgi-bin/koha/opac-detail.pl?biblionumber=24940
_yKatalog online BPK
942 _2UKD
_cKS
999 _c24940
_d24940